000 02406cam a2200205 4500500
005 20260208003244.0
041 _afre
042 _adc
100 1 0 _aCaroly, Sandrine
_eauthor
700 1 0 _aRocchi, Valérie
_eauthor
700 1 0 _aTrompette, Pascale
_eauthor
700 1 0 _aVinck, Dominique
_eauthor
245 0 0 _aLes professionnels des services aux défunts : compétences, savoirs, qualifications
260 _c2005.
500 _a78
520 _aRésuméEn dépit du mouvement massif de médicalisation de la fin de vie, la prise en charge des défunts a fait l’objet d’une privatisation croissante au cours des dernières décennies. Cet article s’intéresse aux professionnels dans le champ des services aux défunts. Il propose trois éclairages successifs sur des lieux qui ont une portée heuristique pour l’analyse des dynamiques professionnelles dans ce secteur : agents de chambre mortuaire, pompes funèbres, thanatopracteurs. Il montre comment le travail social continu de structuration professionnelle de ces métiers témoigne d’enjeux multiples : la configuration des territoires de compétence, la gestion des frontières aux interfaces avec les soignants et les acteurs religieux, le développement de nouveaux champs de compétence, la construction de la qualification comme garantie de la qualité de la prestation, la conquête d’une autonomie ou encore de la construction d’une légitimité sociale.
520 _aDespite the general trend towards the medicalization of the end-of-life, the handling of the deceased has been increasingly privatized in recent decades. This article deals with professionals in the area of funeral services. It offers three successive perspectives on points that are of heuristic value for analysis of professional dynamics in this sector: morgue attendants, under­ takers, and embalmer. It shows how the ongoing social work of these jobs structured professionally show to numerous issues: the development of skills, the development of new fields of competence, the construction of qualification as a guarantee of service quality, the achievement of autonomy and the construction of social legitimacy.
786 0 _nRevue française des affaires sociales | - | 1 | 2005-03-01 | p. 207-230 | 0035-2985
856 4 1 _uhttps://shs.cairn.info/revue-francaise-des-affaires-sociales-2005-1-page-207?lang=fr&redirect-ssocas=7080
999 _c1647468
_d1647468